Sports Quiz

Random Sports or NFL Quiz
Score 0/26 Timer 10:00
0 Plays Today
Yards Player % Correct
170Derrick Henry
96.5%
145Tevin Coleman
94.1%
100Nick Chubb
94.1%
129Joe Mixon
90.6%
87Ezekiel Elliott
90.6%
63Mark Ingram II
90.6%
67Alvin Kamara
90.6%
136Dalvin Cook
89.4%
139Marlon Mack
88.2%
60Jordan Howard
88.2%
51Adrian Peterson
88.2%
53Christian McCaffrey
88.2%
119Chris Carson
87.1%
Yards Player % Correct
95Lamar Jackson
87.1%
68Latavius Murray
87.1%
58Justin Jackson
87.1%
85Peyton Barber
85.9%
59Sony Michel
84.7%
55Jamaal Williams
83.5%
49Damien Williams
83.5%
104Gus Edwards
81.2%
50Matt Breida
76.5%
142Jaylen Samuels
71.8%
49Josh Johnson
58.8%
123Kalen Ballage
56.5%
68Cody Kessler
50.6%
Remove Ads.
Support Sporcle.
Get the best of Sporcle when you Go Orange. This ad-free experience offers more features, more stats, and more fun while also helping to support Sporcle. Thank you for becoming a member.

You're not logged in!

Compare scores with friends on all Sporcle quizzes.
OR
Log In

Show Comments

Extras

Created Dec 18, 2018ReportNominate
Tags:NFL Quiz, 2018, Player, Rusher, Rushing, team, Week, Yard

Top Quizzes Today


Score Distribution

Your Account Isn't Verified!

In order to create a playlist on Sporcle, you need to verify the email address you used during registration. Go to your Sporcle Settings to finish the process.

Report this User

Report this user for behavior that violates our Community Guidelines.

Details: